HEASDLINES: (Record no. 902)

MARC details
000 -LEADER
fixed length control field 00349nam a22001097a 4500
008 - FIXED-LENGTH DATA ELEMENTS--GENERAL INFORMATION
fixed length control field 150825b xxu||||| |||| 00| 0 eng d
020 ## - INTERNATIONAL STANDARD BOOK NUMBER
International Standard Book Number 0133847446.
082 ## -
Classification number 428.64 KAR
100 ## - MAIN ENTRY--PERSONAL NAME
Personal name KARANT PRISCILLA,
245 ## - TITLE STATEMENT
Title HEASDLINES:
Remainder of title AN ADVANCED TEXT FOR READING,SPEAKING, AND LISTENIND
260 ## - PUBLICATION, DISTRIBUTION, ETC. (IMPRINT)
Place of publication, distribution, etc. NEW YORK:
Name of publisher, distributor, etc. PRENTICE HALL REGENTS,ENGLEWOOD CLIFFS,
Date of publication, distribution, etc. 1985.
Holdings
Withdrawn status Lost status Source of classification or shelving scheme Damaged status Koha normalized classification for sorting Not for loan Home library Current library Shelving location Date acquired Total Checkouts Full call number Barcode Date last seen Price effective from
    Dewey Decimal Classification   428_640000000000000_KAR   Dodoma Dodoma Ground Floor 25/08/2015   428.64 KAR 000000005665 29/07/2019 25/08/2015

IRDP © 2021 :: Managed by ICT Team